000 00859cab a2200265 4500
001 WB3333-71
008 090401t1997 xxu||||| |||| 00| 0 eng d
035 _a(Sirsi) u80436
041 _aeng
245 _aTransport priorities
260 _c1997
350 _a0
490 _aFinancial Times
_v22 August 1997, 6&16
490 _aDoE News Release
_v(329/ENV) 21 August 1997
490 _aCountryside Commission News Release
_v21 August 1997 (10)
520 _aGovernment publishes consulatation paper setting out transport priorities for the next ten years. A white paper will follow in Spring 1998.
650 _aCONSULTATION PAPER
650 _aLOCAL AUTHORITIES
650 _aPUBLIC TRANSPORT
650 _aTRANSPORT POLICY
650 _aTRANSPORT STRATEGY
690 _aTRANSPORT AND COMMUNICATIONS
942 _n0
948 _c22/08/1997
999 _c50645
_d50645